00908nam a2200217 a 4500001001000000003000400010005001700014008004100031040002500072100005100097245005600148260004000204300002000244500006400264590002700328942001400355952010200369952010100471952010100572999001700673000031608OSt20201214130031.0110628s19uu dr 000 0 spa d aDO-SdBNPbspacBNPHU1 aPayano Tolentino, Carmen Maríad1963-95793010aAmor y juventud /cCarmen María Payano Tolentino. a[Santo Domingo] :b[s.f.],c[19uu]? a40 p. ;c22 cm. aIncluye datos biográficos del autor en la contracubierta. aInventariado, 2020 /LP 2ddccLBS1 00102ddc51718PDaBNPHUbPDcHDd2011-06-28iLF1l0o p31608-10r2020-06-25w2020-06-25yLFPD 00102ddc51728PDaBNPHUbPDcHDd2020-12-14l0p2020-0730r2020-12-14te. 2w2020-12-14yLFPD 00102ddc56708DSaBNPHUbGRcHDd2020-12-14l0p2020-0731r2020-12-14te. 3w2020-12-14yLFDS c31100d31100